书目信息 |
| 题名: |
1848年至1850年的法兰西阶级斗争
|
|
| 作者: | 马克思 著 ;中共中央马恩列斯著作编译局 译 | |
| 分册: | ||
| 出版信息: | 北京 人民出版社 1973.7 |
|
| 页数: | 157页 | |
| 开本: | 19cm | |
| 丛书名: | ||
| 单 册: | ||
| 中图分类: | A122 | |
| 科图分类: | ||
| 主题词: | 马恩著作--单行本--1848~1863年 | |
| 电子资源: | ||
| ISBN: | ||
| 000 | 00760nam0 2200205 45 | |
| 001 | 0404200865 | |
| 005 | 20060227113334.35 | |
| 010 | @dCNY0.30 | |
| 091 | @a1001.2 | |
| 100 | @a20040420d1973 km y0chiy0120 ea | |
| 101 | 0 | @achi |
| 200 | 1 | @a1848年至1850年的法兰西阶级斗争@A1848 Nian Zhi 1850 Nian De Fa Lan Xi Jie Ji Dou Zheng@f马克思著@FMa Ke Si Zhu@g中共中央马恩列斯著作编译局译@Gzhong gong zhong yang ma en lie si zhu zuo bian yi ju yi |
| 210 | @a北京@c人民出版社@d1973.7 | |
| 215 | @a157页@d19cm | |
| 606 | 0 | @a马恩著作@x单行本@z1848~1863年 |
| 690 | @aA122@v3 | |
| 701 | 0 | @a马克思@4著 |
| 712 | 0 | @a中共中央马恩列斯著作编译局@Azhong gong zhong yang ma en lie si zhu zuo bian yi ju@4译 |
| 801 | @aCN@bPftUser@c20060227 | |
| 905 | @dA122@e11:5011@f1@b65417 | |
| 1848年至1850年的法兰西阶级斗争/马克思著/中共中央马恩列斯著作编译局译.-北京:人民出版社,1973.7 |
| 157页;19cm |
| ISBN :CNY0.30 |
| ● |
| 相关链接 |
|
|
|
|
正题名:1848年至1850年的法兰西阶级斗争
索取号:A122/11:5011
 
预约/预借
| 序号 | 登录号 | 条形码 | 馆藏地/架位号 | 状态 | 备注 |
| 1 | 0065412 | 000947658 | 第一借阅区/ [索取号:A122/11:5011] | 在馆 | |
| 2 | 0065413 | 000947694 | 第一借阅区/ [索取号:A122/11:5011] | 在馆 | |
| 3 | 0065414 | 000947630 | 第一借阅区/ [索取号:A122/11:5011] | 在馆 | |
| 4 | 0065415 | 000947701 | 第一借阅区/ [索取号:A122/11:5011] | 在馆 | |
| 5 | 0065416 | 202199432 | 密集书库/ [索取号:A122/11:5011] | 在馆 | |
| 6 | 0065417 | 001965519 | 第一借阅区/ [索取号:A122/11:5011] | 在馆 | |
| 7 | 0065418 | 000947676 | 第一借阅区/ [索取号:A122/11:5011] | 在馆 | |
| 8 | 0065419 | 000947747 | 第一借阅区/ [索取号:A122/11:5011] | 在馆 | |
| 9 | 0065420 | 000947685 | 第一借阅区/ [索取号:A122/11:5011] | 在馆 | |
| 10 | 0065421 | 000947649 | 第一样本阅览室/ [索取号:A122/11:5011] | 在馆 |